000 00707nam a2200181Ia 4500
008 090630s9999 xx 000 0 und d
082 _b8623
100 _aतांबोळी लक्ष्मीकांत.
245 _aदूर गेलेले घर.
_cतांबोळी लक्ष्मीकांत.
260 _bप्रतिमा - पुणे.
_c1985
300 _a131
600 _aतांबोळी लक्ष्मीकांत.
630 _aदूर गेलेले घर.
655 _aकादंबरी.
700 _aतांबोळी लक्ष्मीकांत.
730 _aदूर गेलेले घर.
942 _cBOOK
999 _c260479
_d260479